[Event "WJun"]
[Site "Nakhchivan AZE"]
[Date "2003.06.23"]
[Round "3"]
[White "Masse,H"]
[Black "Baladjaev,G"]
[Result "1/2-1/2"]
[WhiteElo "2120"]
[BlackElo "2177"]
[EventDate "2003.06.22"]

1. d4 Nf6 2. c4 g6 3. Nc3 Bg7 4. e4 d6 5. Be2 O-O 6. Bg5 h6 7. Be3 e5 8. d5
Na6 9. f3 Nh5 10. Qd2 Nf4 11. Bf1 Kh7 12. Nge2 Nxe2 13. Bxe2 f5 14. O-O-O
f4 15. Bf2 b6 16. a3 Nc5 17. Kc2 Bd7 18. b4 Na4 19. Rb1 a5 20. Rhc1 axb4
21. axb4 Nxc3 22. Qxc3 Ra2+ 23. Rb2 Qa8 24. Kd3 Ra3 25. Rb3 Rxb3 26. Qxb3
Qa7 27. Bd1 Ra8 28. Qb2 g5 29. h3 h5 30. Bb3 Kg6 31. Qc2 Qa3 32. Qc3 Bf6
33. Rc2 Qa1 34. Qxa1 Rxa1 35. Ra2 Rxa2 36. Bxa2 Be7 37. Bb3 g4 38. hxg4
hxg4 39. Bd1 Kg5 40. Be1 Be8 41. Ke2 gxf3+ 42. gxf3 Kh5 43. b5 Bd7 44. Bf2
Bh3 45. Be1 Bd8 46. Bf2 Bg2 1/2-1/2

[Event "WJun"]
[Site "Nakhchivan AZE"]
[Date "2003.06.24"]
[Round "4"]
[White "Guseinov,K"]
[Black "Ganguly,S"]
[Result "1-0"]
[WhiteElo "2505"]
[BlackElo "2542"]
[EventDate "2003.06.22"]

1. e4 c5 2. Nf3 e6 3. d4 cxd4 4. Nxd4 Nf6 5. Nc3 Nc6 6. Nxc6 bxc6 7. e5 Nd5
8. Ne4 Qc7 9. f4 Qa5+ 10. Bd2 Qb6 11. Bd3 Be7 12. Qg4 O-O 13. Qh3 g6 14.
Qg3 Ba6 15. Bxa6 Qxa6 16. Nf2 f6 17. Qd3 Qb6 18. Qb3 fxe5 19. Qxb6 Nxb6 20.
fxe5 Nc4 21. Nd3 Rf5 22. g4 Rf3 23. b3 Nxd2 24. Kxd2 Bg5+ 25. Kc3 Raf8 26.
Rae1 Rh3 27. Re2 Be3 28. b4 Bb6 29. Rd1 Rf4 30. Rg2 Bd4+ 31. Kb3 Re4 32. c3
Bb6 33. Nc5 Bxc5 34. bxc5 Rxe5 35. Rxd7 Rxc5 36. Rxa7 Rhxc3+ 37. Kb2 R3c4
38. a4 Rb4+ 39. Ka3 Rf4 40. Rb2 Rc3+ 41. Ka2 Rf8 42. a5 Rc4 43. Rbb7 Rc2+
44. Rb2 Rc4 45. Rbb7 Rc2+ 46. Kb3 Rxh2 47. Rg7+ Kh8 48. Rgf7 Rh3+ 49. Kb4
c5+ 50. Kxc5 Rc8+ 51. Kd6 Rd3+ 52. Ke5 Re3+ 53. Kf4 Rh3 54. a6 g5+ 55. Ke5
Re3+ 56. Kd4 Rec3 57. Ke5 R8c5+ 58. Kf6 Rf3+ 59. Ke7 Rxf7+ 60. Kxf7 h5 61.
Kg6 Rc8 62. Rh7+ Kg8 63. a7 1-0

[Event "WJun"]
[Site "Nakhchivan AZE"]
[Date "2003.06.24"]
[Round "4"]
[White "Sadykov,R"]
[Black "Zubov,A UKR"]
[Result "1/2-1/2"]
[WhiteElo "2416"]
[BlackElo "2494"]
[EventDate "2003.06.22"]

1. e4 c5 2. Nf3 d6 3. Nc3 Nf6 4. d4 cxd4 5. Nxd4 a6 6. Be3 Ng4 7. Bc1 Nf6
8. f3 e6 9. Be3 b5 10. g4 Bb7 11. g5 Nfd7 12. Qd2 Nb6 13. Bd3 N8d7 14.
O-O-O Rc8 15. Kb1 Ne5 16. Qe1 Nbc4 17. Bc1 Qb6 18. Nce2 Be7 19. f4 Nd7 20.
h4 d5 21. exd5 Bxd5 22. Rh3 Qa5 23. Qxa5 Nxa5 24. Nc3 Bb7 25. Ne4 Nc6 26.
Nxc6 Bxc6 27. Re1 f5 28. Nd6+ Bxd6 29. Rxe6+ Kf7 30. Rxd6 g6 31. b3 Rhe8
32. h5 Nf8 33. hxg6+ hxg6 34. Bd2 Re6 35. Rxe6 Nxe6 36. Be3 Be4 37. Rh7+
Kg8 38. Ra7 Rc6 39. Rd7 Kf8 40. Kb2 Ke8 41. Rh7 Nc7 42. Bd2 Bxd3 43. cxd3
Nd5 44. a3 Kd8 45. Rb7 Kc8 46. Rg7 Re6 47. Kc2 Rc6+ 48. Kb2 Re6 49. a4 Re2
50. Kc1 Re6 51. axb5 axb5 52. Kc2 Rc6+ 53. Kd1 1/2-1/2

[Event "WJun"]
[Site "Nakhchivan AZE"]
[Date "2003.06.24"]
[Round "4"]
[White "Kritz,L"]
[Black "Mahesh Chandran,P"]
[Result "1-0"]
[WhiteElo "2468"]
[BlackElo "2419"]
[EventDate "2003.06.22"]

1. e4 e6 2. d4 d5 3. Nc3 Nf6 4. Bg5 Be7 5. e5 Nfd7 6. Bxe7 Qxe7 7. f4 O-O
8. Nf3 c5 9. Qd2 Nc6 10. dxc5 Qxc5 11. O-O-O Nb6 12. Kb1 Bd7 13. h4 Nc4 14.
Bxc4 Qxc4 15. h5 b5 16. h6 g6 17. Qe3 Rfc8 18. f5 b4 19. Rh4 d4 20. Qg5 1-0

[Event "WJun"]
[Site "Nakhchivan AZE"]
[Date "2003.06.24"]
[Round "4"]
[White "Hanley,C"]
[Black "Dziuba,M"]
[Result "0-1"]
[WhiteElo "2375"]
[BlackElo "2450"]
[EventDate "2003.06.22"]

1. c4 f5 2. Nf3 Nf6 3. g3 g6 4. Bg2 Bg7 5. O-O d6 6. d4 O-O 7. Nc3 e6 8.
Re1 Ne4 9. Qc2 Nxc3 10. bxc3 Nc6 11. c5 Kh8 12. e4 e5 13. Bg5 Qe8 14. exf5
gxf5 15. Qd2 Qh5 16. d5 Na5 17. cxd6 cxd6 18. Qe2 e4 19. Be7 Re8 20. Bxd6
Bxc3 21. Rac1 Bxe1 22. Qb2+ Kg8 23. Rc7 Qg6 24. Nh4 Qh6 25. Bf4 Qf8 26. Bd6
Nc4 27. Bxf8 Nxb2 28. Bh6 Nd3 29. Bh3 Bxf2+ 30. Kg2 f4 0-1

[Event "WJun"]
[Site "Nakhchivan AZE"]
[Date "2003.06.24"]
[Round "4"]
[White "Werle,J"]
[Black "Mamedyarov,S"]
[Result "1/2-1/2"]
[WhiteElo "2404"]
[BlackElo "2607"]
[EventDate "2003.06.22"]

1. Nf3 c5 2. c4 Nc6 3. d4 cxd4 4. Nxd4 e6 5. Nb5 d6 6. g3 a6 7. N5c3 b6 8.
Bg2 Bb7 9. O-O Nf6 10. Bf4 Be7 11. Nd2 O-O 12. Nde4 Ne8 13. Be3 Na5 14. Qd3
Rc8 15. b3 f5 16. Nd2 Bxg2 17. Kxg2 Nf6 18. Bg5 h6 19. Bxf6 Bxf6 20. Rac1
Nc6 21. Nf3 Nb4 22. Qd2 d5 23. Nxd5 Nxd5 24. cxd5 Qxd5 25. Qxd5 exd5 26.
Rfd1 Rxc1 27. Rxc1 Re8 28. e3 Kf7 29. h4 g5 30. hxg5 hxg5 31. Rc7+ Re7 32.
Rc8 g4 33. Nh4 Bxh4 34. gxh4 d4 35. exd4 Re2 36. Rc7+ Kg6 37. Rc6+ Kh5 38.
Rxb6 Rxa2 39. Rf6 Kxh4 40. Rxf5 Rb2 1/2-1/2

[Event "WJun"]
[Site "Nakhchivan AZE"]
[Date "2003.06.24"]
[Round "4"]
[White "Gashimov,V"]
[Black "Deepan,C"]
[Result "1-0"]
[WhiteElo "2579"]
[BlackElo "2379"]
[EventDate "2003.06.22"]

1. e4 c5 2. Nf3 Nc6 3. Nc3 d6 4. d4 cxd4 5. Nxd4 e6 6. g4 h6 7. h4 a6 8.
Be3 Nf6 9. f3 d5 10. Qe2 dxe4 11. O-O-O Qc7 12. Bg2 Bc5 13. Nxc6 Bxe3+ 14.
Qxe3 bxc6 15. Nxe4 Nxe4 16. Qxe4 Bb7 17. f4 Rb8 18. Rh3 O-O 19. Rb3 Ba8 20.
Rxb8 Rxb8 21. Qe5 Qb6 22. g5 hxg5 23. hxg5 Rd8 24. Rxd8+ Qxd8 25. Bf1 Bb7
26. g6 c5 27. Bd3 Bd5 28. gxf7+ Kxf7 29. Qh5+ Ke7 30. Qg5+ Kd7 31. Qxg7+
Kc6 32. Qa7 a5 33. Qa6+ Kd7 34. Bb5+ Ke7 35. Qa7+ Kd6 36. Qg7 c4 37. Qe5+
Kc5 38. a4 Qh4 39. Bxc4 Qh1+ 40. Kd2 Qg2+ 41. Kc3 Qg3+ 42. Bd3 Kc6 43. b3
Qf2 44. Kb2 Kb7 45. f5 1-0

[Event "WJun"]
[Site "Nakhchivan AZE"]
[Date "2003.06.24"]
[Round "4"]
[White "Pacheco,M"]
[Black "Izoria,Z"]
[Result "0-1"]
[WhiteElo "2349"]
[BlackElo "2569"]
[EventDate "2003.06.22"]

1. d4 d6 2. Nf3 g6 3. c4 Bg7 4. Nc3 Nf6 5. e4 O-O 6. Be2 Na6 7. O-O e5 8.
dxe5 dxe5 9. Be3 Ng4 10. Bg5 Qe8 11. h3 f6 12. Bd2 Nh6 13. Be3 Nf7 14. b4
Nxb4 15. Bc5 Na6 16. Bxf8 Bxf8 17. Nd2 h5 18. Nb3 c6 19. Na4 Nc7 20. c5 Ng5
21. Re1 h4 22. Qc2 Kg7 23. Rad1 Be7 24. Nb2 Nce6 25. Bg4 Qf8 26. Rc1 Nf4
27. Bxc8 Qxc8 28. Re3 Qc7 29. Rc3 Rf8 30. Nd3 Nfe6 31. Re1 Rf7 32. Rc4 Bf8
33. a4 Qc8 34. Re3 Rd7 35. Ndc1 Nf4 36. Nd3 Qd8 37. Rc3 Nfe6 38. Rc4 Nf4
39. Rc3 Nfe6 40. Rc4 Be7 41. Nb2 Nf4 42. Re1 Qc8 43. Rc3 Qd8 44. Rd1 Rxd1+
45. Nxd1 Nxe4 46. Rc4 Ng5 47. Ne3 Qd7 48. Qd1 Qe6 49. a5 Nxg2 50. Qg4 Nf4
51. Qxe6 Ngxe6 52. Rb4 Nd8 53. Kh2 Nd3 54. Rxh4 Nxf2 55. a6 Nd3 56. Ra4
bxa6 57. Rxa6 Nxc5 58. Rxa7 Ncb7 59. Nc4 Kf7 60. Nb6 Ke6 61. Kg3 f5 62. Kf3
g5 63. Ke2 Bf6 64. Nd2 e4 65. Na4 Bd4 66. Ra8 Kd5 67. Rc8 Ne6 68. Nb3 Nd6
69. Rg8 f4 70. Rg6 f3+ 71. Kf1 c5 72. Nb6+ Ke5 73. Nd7+ Kf5 74. Nxd4+ Kxg6
75. Nxe6 c4 76. Kf2 Kh5 77. Nf6+ Kh4 78. Nd5 Kxh3 79. Nxg5+ Kg4 80. Ne6 Kf5
81. Nef4 Ke5 82. Kg3 Nf5+ 83. Kg4 f2 0-1

[Event "WJun"]
[Site "Nakhchivan AZE"]
[Date "2003.06.24"]
[Round "4"]
[White "Azarov,S"]
[Black "Gupta,A"]
[Result "1-0"]
[WhiteElo "2530"]
[BlackElo "2335"]
[EventDate "2003.06.22"]

1. e4 c5 2. Nf3 d6 3. d4 cxd4 4. Nxd4 Nf6 5. Nc3 Nc6 6. Bc4 e6 7. Be3 a6 8.
Bb3 Na5 9. Qe2 Qc7 10. O-O-O Be7 11. g4 b5 12. g5 Nxb3+ 13. axb3 Nd7 14.
Nf5 exf5 15. Nd5 Qd8 16. exf5 Bb7 17. f6 gxf6 18. Rhe1 Bxd5 19. Rxd5 Kf8
20. gxf6 Nxf6 21. Rf5 h5 22. Qf3 Rh7 23. Bb6 Qb8 24. Bd4 Ng8 25. Rg1 Qd8
26. Qg2 Nh6 27. Rxh5 Ke8 28. Rxh6 Rxh6 29. Qc6+ Kf8 30. Bg7+ Kg8 31. Bxh6+
Kh7 32. Be3 1-0

[Event "WJun"]
[Site "Nakhchivan AZE"]
[Date "2003.06.24"]
[Round "4"]
[White "Mastrovasilis,D"]
[Black "Geirnaert,S"]
[Result "1-0"]
[WhiteElo "2456"]
[BlackElo "2289"]
[EventDate "2003.06.22"]

1. Nf3 Nf6 2. c4 b6 3. Nc3 Bb7 4. Qc2 c5 5. e4 d6 6. d4 cxd4 7. Nxd4 e6 8.
f3 Be7 9. Be3 Nbd7 10. Be2 Rc8 11. g4 h6 12. O-O-O a6 13. h4 Ne5 14. Qa4+
Kf8 15. g5 Nfd7 16. f4 Nc6 17. Qc2 Nxd4 18. Bxd4 Kg8 19. g6 fxg6 20. Rhg1
Nf8 21. e5 Bxh4 22. Rxg6 Nxg6 23. Qxg6 Qe7 24. Bg4 Re8 25. Bh5 Rf8 26. exd6
Qf7 27. Qxf7+ Rxf7 28. Bxf7+ Kxf7 29. Bxb6 h5 30. b4 Bf6 31. Kc2 h4 32. Bg1
h3 33. Bh2 Ke8 34. Na4 Bf3 35. Rd2 Kf7 36. Kb3 Rd8 37. Nb6 Kg6 38. c5 Bc6
39. a4 Rb8 40. Kc4 Bd8 41. d7 Kf5 42. b5 axb5+ 43. axb5 Bg2 44. Kb4 Be7 45.
Nc8 Bd8 46. b6 Bc6 47. Rd6 Bg2 48. c6 Kf6 49. Kc5 1-0

[Event "WJun"]
[Site "Nakhchivan AZE"]
[Date "2003.06.24"]
[Round "4"]
[White "Erenburg,S"]
[Black "Wang,H"]
[Result "1/2-1/2"]
[WhiteElo "2499"]
[BlackElo "2226"]
[EventDate "2003.06.22"]

1. e4 c5 2. c3 d5 3. exd5 Qxd5 4. d4 Nf6 5. Nf3 Bg4 6. dxc5 Qxc5 7. Na3 a6
8. h3 Be6 9. Be3 Qc8 10. Be2 Bd5 11. c4 Bc6 12. O-O e6 13. Nb1 Be7 14. Nc3
O-O 15. Qc2 Nbd7 16. Nd4 Bc5 17. Rfd1 Rd8 18. Nxc6 bxc6 19. Bxc5 Nxc5 20.
b4 Ncd7 21. c5 Nd5 22. Nxd5 exd5 23. Rab1 Nf6 24. Bd3 h6 25. a4 Ra7 26.
Rdc1 d4 27. Rd1 Qe6 28. Bc4 Qe5 29. Re1 Qg5 30. a5 Nd5 31. h4 Qh5 32. Qd3
Rad7 33. g3 Qg4 34. Re4 Qh3 35. Rbe1 Ne3 36. R4xe3 dxe3 37. Qxe3 Rd1 38.
Bxa6 Qg4 39. Rxd1 Rxd1+ 40. Kh2 Qxb4 41. Qe8+ Kh7 42. Qxc6 Qe1 43. Qf3 Qg1+
44. Kh3 Qh1+ 45. Qxh1 Rxh1+ 46. Kg2 Rc1 47. Bb7 Rxc5 48. a6 Ra5 49. Kf3 Kg6
50. Ke4 Kf6 51. Kd4 Ke6 52. f3 g5 53. h5 Kd6 54. g4 Kc7 55. Kc4 f5 56. Kb4
Kb6 57. Bc8 fxg4 58. fxg4 Rc5 1/2-1/2

[Event "WJun"]
[Site "Nakhchivan AZE"]
[Date "2003.06.24"]
[Round "4"]
[White "Safarli,E"]
[Black "Pantsulaia,L"]
[Result "0-1"]
[WhiteElo "2201"]
[BlackElo "2465"]
[EventDate "2003.06.22"]

1. e4 c5 2. Nf3 d6 3. d4 cxd4 4. Nxd4 Nf6 5. f3 a6 6. c4 e6 7. Nc3 Be7 8.
Be2 O-O 9. O-O b6 10. Be3 Bb7 11. Qd2 Qc7 12. Rac1 Nbd7 13. Rfd1 Rac8 14.
Bf1 Qb8 15. Qf2 Bd8 16. b3 Bc7 17. g3 Rfe8 18. Bg2 h6 19. Kh1 Qa8 20. Nde2
Rb8 21. Nf4 Rbc8 22. Nd3 Nc5 23. Bf4 Qb8 24. Rd2 Nxd3 25. Rxd3 d5 26. Be3
dxe4 27. Nxe4 Bxe4 28. fxe4 Ng4 29. Qe2 Nxe3 30. Qxe3 Be5 31. Rd7 Red8 32.
Rcd1 Rxd7 33. Rxd7 Rd8 34. Qd3 Rxd7 35. Qxd7 Qf8 36. Qd2 Qc5 37. Bf3 g6 38.
Kg2 Kg7 39. Bg4 Bf6 40. Bf3 h5 41. Bd1 Qe5 42. Bf3 Qa1 43. Bd1 Bc3 44. Qc2
Bb4 45. Bf3 Bc5 46. Qe2 a5 47. Kh3 Bd4 48. a4 Qc3 49. Qd1 Qb2 50. Bg2 Be5
51. Qf3 0-1

[Event "WJun"]
[Site "Nakhchivan AZE"]
[Date "2003.06.24"]
[Round "4"]
[White "Kuparadze,G"]
[Black "Bachin,V"]
[Result "1-0"]
[WhiteElo "2227"]
[BlackElo "2443"]
[EventDate "2003.06.22"]

1. e4 c6 2. d4 d5 3. Nd2 dxe4 4. Nxe4 Nd7 5. Ng5 e6 6. Bd3 Ndf6 7. N1f3 Bd6
8. O-O h6 9. Nxf7 Kxf7 10. Ne5+ Bxe5 11. dxe5 Nd7 12. Qh5+ Kf8 13. Bg6 Ne7
14. Bg5 Qa5 15. Bxe7+ Kxe7 16. Qh4+ Nf6 17. Rfe1 Bd7 18. Rad1 Rad8 19. b4
Qb6 20. exf6+ gxf6 21. Qg3 Bc8 22. Be8 Rf8 23. Bh5 Rg8 24. Qf4 Rg5 25. Bf3
e5 26. Rxd8 Qxd8 27. h4 Rg6 28. Qe4 Qg8 29. Rd1 Be6 30. Qe3 b6 31. Bxc6 Rg4
32. Qa3 Qb8 33. b5+ Kf7 34. Bf3 Rxh4 35. g3 Rd4 36. Bh5+ Kg8 37. Qe7 Rxd1+
38. Bxd1 Bxa2 39. Qxf6 Qe8 40. Be2 Qe6 41. Qd8+ Kf7 42. Qd3 e4 43. Qa3 Kg6
44. Qxa7 e3 45. Bd3+ Kh5 46. Qa4 exf2+ 47. Kxf2 Qf6+ 48. Qf4 Qxf4+ 49. gxf4
Kg4 50. Ke3 Bf7 51. c4 Be6 52. c5 bxc5 53. b6 Bc8 54. Ke4 h5 55. Be2+ Kg3
56. Bxh5 c4 57. Bg6 c3 58. Ke5 Kf3 59. Be4+ Ke3 60. f5 Bb7 61. f6 Bxe4 62.
f7 c2 63. f8=Q Bb7 64. Qf4+ Kd3 1-0

[Event "WJun"]
[Site "Nakhchivan AZE"]
[Date "2003.06.24"]
[Round "4"]
[White "Jatautis,D"]
[Black "Jirka,J"]
[Result "0-1"]
[WhiteElo "2149"]
[BlackElo "2394"]
[EventDate "2003.06.22"]

1. e4 e5 2. Nf3 Nc6 3. Bb5 Nd4 4. Nxd4 exd4 5. O-O Bc5 6. Bc4 Bb6 7. Qh5
Qe7 8. e5 d6 9. exd6 cxd6 10. d3 Nf6 11. Qh4 d5 12. Bb5+ Kf8 13. Ba4 h6 14.
Bg5 Rh7 15. Bxf6 Qxf6 16. Qxf6 gxf6 17. Bb3 Be6 18. Nd2 Ke7 19. f4 Kd6 20.
f5 Bd7 21. Rf4 Rg8 22. Raf1 Rhg7 23. g3 Rg4 24. Rxg4 Rxg4 25. Nf3 Rg8 26.
Nh4 Re8 27. Kf2 Ba5 28. Nf3 Kc5 29. Kg2 Re2+ 30. Rf2 Rxf2+ 31. Kxf2 Bxf5
32. Ba4 a6 33. Be8 Be6 34. a3 Bb6 35. Ke2 Kd6 36. Kf2 Ba7 37. Ba4 b5 38.
Bb3 Bd7 39. Ne1 a5 40. Ng2 a4 41. Ba2 Bb6 42. Nf4 Bc6 43. Nh5 Ke5 44. Nf4
Bd8 45. Kf3 Ba5 46. Ke2 Bb7 47. Ng2 Bc8 48. Nf4 Bg4+ 49. Kf2 Bd2 50. Nxd5
Bc1 51. Nc7 Bd7 52. b3 Kd6 53. Na6 Be6 54. Ke1 Bxa3 55. Kd2 Bc8 56. bxa4
Bxa6 57. axb5 Bb4+ 58. Ke2 Bxb5 59. Bxf7 Ba4 0-1

[Event "WJun"]
[Site "Nakhchivan AZE"]
[Date "2003.06.24"]
[Round "4"]
[White "Baladjaev,G"]
[Black "Kanep,M"]
[Result "0-1"]
[WhiteElo "2177"]
[BlackElo "2446"]
[EventDate "2003.06.22"]

1. d4 Nf6 2. c4 e5 3. dxe5 Ng4 4. Bf4 g5 5. Bg3 Nc6 6. Nf3 Bg7 7. e3 Ngxe5
8. Nxe5 Nxe5 9. Be2 d6 10. O-O Be6 11. Nd2 Qd7 12. Rc1 O-O-O 13. Ne4 Qe7
14. c5 Kb8 15. cxd6 cxd6 16. f4 gxf4 17. exf4 Nc6 18. f5 Bd4+ 19. Kh1 Bd5
20. Nxd6 Rhg8 21. Bg4 Be5 22. Qxd5 Bxg3 23. hxg3 Rxd6 24. f6 Rxf6 25. Rxf6
Qxf6 26. Bh3 Rxg3 27. Qd7 Rg8 28. Re1 a6 29. b3 Rd8 30. Re8 Rxe8 31. Qxe8+
Ka7 32. Qe3+ Qd4 33. Qf3 f6 34. Qf1 Ne5 35. Bf5 h5 36. Bh3 Nd3 37. Kh2 Nf2
38. Be6 Qe3 39. Qc4 Ne4 40. Bd5 Nd6 41. Qh4 Qe5+ 42. Qg3 Qxd5 43. Qf2+ Ka8
44. Qxf6 Ne4 45. Qf8+ Ka7 46. Qf3 Qe5+ 47. Kg1 Qd4+ 48. Kh2 Nf6 49. Qf5
Qh4+ 50. Kg1 Qe1+ 51. Kh2 Qe5+ 52. Qxe5 Ng4+ 53. Kg3 Nxe5 54. Kf4 Nf7 55.
Kf5 Kb6 56. Kg6 Ne5+ 57. Kxh5 Kc5 58. Kg5 Kd5 59. Kf5 b5 60. Kf4 b4 61. Kf5
Kd4 62. Kf4 Nd3+ 63. Kf5 Nf2 64. Kf4 a5 65. g3 Kc3 66. Kf3 Nh3 67. Kg4 Ng1
68. Kh4 Kb2 69. g4 Nf3+ 70. Kg3 Ng5 71. Kf4 Nf7 72. Ke4 Kxa2 73. Kd5 Kxb3
74. Ke6 Ng5+ 0-1

[Event "WJun"]
[Site "Nakhchivan AZE"]
[Date "2003.06.24"]
[Round "4"]
[White "Rohit,G"]
[Black "Olsson,L"]
[Result "1/2-1/2"]
[WhiteElo "2357"]
[BlackElo "2252"]
[EventDate "2003.06.22"]

1. e4 c5 2. Nf3 d6 3. d4 cxd4 4. Nxd4 Nf6 5. Nc3 a6 6. Be3 e5 7. Nb3 Be6 8.
Qd2 Nbd7 9. f3 b5 10. g4 Nb6 11. g5 Nfd7 12. Nd5 Rc8 13. h4 Be7 14. Nxe7
Qxe7 15. Qa5 Nc4 16. Qxa6 O-O 17. Bxc4 bxc4 18. Na5 d5 19. exd5 Bxd5 20.
O-O e4 21. f4 Ra8 22. Qb5 Qe6 23. f5 Qe5 24. Kg2 Rfb8 25. Qxd7 Rxa5 26.
Rad1 Rf8 27. Kh3 Ba8 28. Qd4 Qb8 29. a3 Rd5 30. Qxc4 Rxd1 31. Rxd1 Qxb2 32.
Qc5 Qb8 33. a4 Bb7 34. Rb1 Rc8 35. Qd4 Qc7 36. Rb5 Bc6 37. Rc5 Qb7 38. Kg2
Bd7 39. Rxc8+ Qxc8 40. c3 Bxf5 41. a5 Bg6 42. Kg3 Qc7+ 43. Kg4 Qxa5 44. h5
Bf5+ 45. Kf4 Be6 46. Kg3 Qd5 47. Qb4 h6 48. g6 fxg6 49. hxg6 Qf5 50. Qb8+
Bc8 51. Qb3+ Be6 52. Qb8+ Bc8 53. Qb3+ Be6 1/2-1/2

[Event "WJun"]
[Site "Nakhchivan AZE"]
[Date "2003.06.24"]
[Round "4"]
[White "Mamedov,Rau"]
[Black "Yilmaz,M"]
[Result "1-0"]
[WhiteElo "2330"]
[BlackElo "1941"]
[EventDate "2003.06.22"]

1. e4 c5 2. Nf3 e6 3. d4 cxd4 4. Nxd4 Nf6 5. Nc3 d6 6. Be3 Be7 7. Be2 O-O
8. O-O Nc6 9. f4 a6 10. Kh1 Qc7 11. Qe1 b6 12. Nxc6 Qxc6 13. Bf3 Nd7 14.
Bd4 e5 15. Nd5 Bd8 16. Bc3 f6 17. f5 a5 18. Qh4 b5 19. Bh5 b4 20. Bg6 h6
21. Bd2 Ra7 22. Rf3 Nc5 23. Rg3 Nxe4 24. Qxe4 Bb7 25. Qg4 Qxd5 26. Bh7+ Kf7
27. Qxg7+ Ke8 28. Bg6+ Rf7 29. Bxf7+ Qxf7 30. Qh8+ Qf8 31. Rg8 Qxg8 32.
Qxg8+ Kd7 33. Bxh6 Be7 34. Rd1 Ra8 35. Qe6+ Kd8 36. Bg7 Bc8 37. Rxd6+ Bxd6
38. Qxd6+ Bd7 39. Bxf6+ Kc8 40. Bxe5 Kd8 41. f6 b3 42. f7 1-0

[Event "WJun"]
[Site "Nakhchivan AZE"]
[Date "2003.06.24"]
[Round "4"]
[White "Monroy,C"]
[Black "Agaragimov,D"]
[Result "1-0"]
[WhiteElo "2294"]
[BlackElo "2252"]
[EventDate "2003.06.22"]

1. e4 c5 2. Nf3 Nc6 3. Nc3 e5 4. Bc4 d6 5. d3 Be7 6. O-O Nf6 7. Ng5 O-O 8.
f4 exf4 9. Bxf4 h6 10. Nf3 Be6 11. Nd5 Bxd5 12. exd5 Na5 13. Nh4 Nxc4 14.
dxc4 Nxd5 15. Qxd5 Bxh4 16. Rad1 b6 17. Bxd6 Be7 18. Bf4 Bf6 19. c3 Qxd5
20. cxd5 Rad8 21. Rfe1 Rd7 22. Be5 Bxe5 23. Rxe5 f6 24. Re4 Kf7 25. c4 Rb8
26. a4 Re7 27. Rxe7+ Kxe7 28. Re1+ Kd7 29. Re6 a6 30. b3 b5 31. axb5 axb5
32. Rc6 bxc4 33. bxc4 Rb2 34. Rxc5 Rc2 35. Rc6 f5 36. h4 g5 37. h5 f4 38.
Rxh6 Rxc4 39. Rg6 Ke7 40. Rxg5 Kf6 41. Rg8 Rc7 42. Kf2 Rh7 43. d6 Ke6 44.
Rg5 Kxd6 45. Kf3 Rf7 46. h6 Rh7 47. Rh5 Ke6 48. Kxf4 Kf6 49. Ra5 Kg6 50.
Ra6+ Kh5 51. g4+ Kh4 52. Kf5 Rb7 53. Re6 Rb5+ 54. Re5 Rb6 55. h7 Rb8 56.
Re7 1-0

[Event "WJun"]
[Site "Nakhchivan AZE"]
[Date "2003.06.24"]
[Round "4"]
[White "Masse,H"]
[Black "Allemann,A"]
[Result "0-1"]
[WhiteElo "2120"]
[BlackElo "2254"]
[EventDate "2003.06.22"]

1. d4 Nf6 2. c4 c5 3. d5 e6 4. Nc3 exd5 5. cxd5 d6 6. Nf3 g6 7. h3 a6 8. a4
Qe7 9. Nd2 Bg7 10. e4 O-O 11. Bd3 Nbd7 12. O-O Ne5 13. Bc2 g5 14. Nf3 g4
15. Nxe5 Qxe5 16. h4 Bd7 17. a5 Rab8 18. g3 Nh5 19. Ne2 f5 20. Nf4 fxe4 21.
Nxh5 Qxh5 22. Bxe4 Rbe8 23. Qc2 Bd4 24. Be3 Bf5 25. Bxf5 Qxf5 26. Qxf5 Rxf5
27. Bxd4 cxd4 28. Rad1 Rxd5 29. Rd2 Kg7 30. Rfd1 Re4 31. Kg2 Kf6 32. f3
gxf3+ 33. Kxf3 Ke5 34. b4 Re3+ 35. Kf2 Ke4 36. g4 d3 37. Rc1 Rf3+ 38. Kg2
Ke3 39. Rcd1 Rf4 40. Kh3 Rxb4 41. h5 Rc4 42. Rg2 d2 43. Rg3+ Ke2 44. Rgg1
Rdc5 45. g5 Rc1 46. Rxd2+ Kxd2 47. Rg2+ Ke3 48. Rg3+ Kf4 0-1

[Event "WJun"]
[Site "Nakhchivan AZE"]
[Date "2003.06.24"]
[Round "4"]
[White "Osttveit,M"]
[Black "Agayev,N"]
[Result "0-1"]
[WhiteElo "2084"]
[BlackElo "2116"]
[EventDate "2003.06.22"]

1. g3 e5 2. Bg2 Nf6 3. d3 Be7 4. Nf3 Nc6 5. O-O O-O 6. e4 d5 7. Nbd2 Bg4 8.
h3 Bh5 9. Re1 dxe4 10. dxe4 Qd7 11. c3 Rad8 12. Qe2 a6 13. a4 Bxf3 14. Qxf3
Qe6 15. Bf1 Na5 16. Qg2 c5 17. f4 exf4 18. gxf4 c4 19. f5 Qb6+ 20. Kh1 Nh5
21. Nxc4 Nxc4 22. Bxc4 Bh4 23. Be3 Qc7 24. Bb3 Bxe1 25. Rxe1 Qg3 26. Qxg3
Nxg3+ 27. Kh2 Nxe4 28. Bd4 Nd2 29. Bd1 Rfe8 30. Rg1 g6 31. a5 Rd5 32. Rg2
Nf1+ 33. Kg1 Re1 34. Bb3 Rxf5 35. Bf2 Rc1 0-1

[Event "WJun"]
[Site "Nakhchivan AZE"]
[Date "2003.06.24"]
[Round "4"]
[White "Schneider,Dm"]
[Black "Kozak,L"]
[Result "1-0"]
[WhiteElo "2424"]
[BlackElo "2178"]
[EventDate "2003.06.22"]

1. e4 e5 2. Nf3 Nc6 3. Bc4 Bc5 4. d3 Nf6 5. c3 d6 6. O-O O-O 7. Re1 Bb6 8.
Bb3 Ne7 9. Nbd2 c6 10. Nf1 Ng6 11. Ng3 Bc7 12. d4 h6 13. h3 Re8 14. d5 cxd5
15. exd5 Bb6 16. Bc2 Ne7 17. c4 a5 18. b3 Rf8 19. a3 Ba7 20. Qd3 Kh8 21.
Bb2 Bd7 22. Nh4 b5 23. Rab1 bxc4 24. bxc4 Bc5 25. Nh5 Ng6 26. Nxg6+ fxg6
27. Qxg6 Bxf2+ 28. Kh2 Qe7 29. Nxf6 gxf6 30. Qxh6+ Kg8 31. Rf1 Bc5 32. Rf3
1-0

[Event "WJun"]
[Site "Nakhchivan AZE"]
[Date "2003.06.25"]
[Round "5"]
[White "Dziuba,M"]
[Black "Guseinov,K"]
[Result "1/2-1/2"]
[WhiteElo "2450"]
[BlackElo "2505"]
[EventDate "2003.06.22"]

1. d4 Nf6 2. c4 g6 3. Nc3 Bg7 4. e4 d6 5. Nf3 O-O 6. Be2 Bg4 7. Be3 Nfd7 8.
Rc1 c5 9. d5 a6 10. a4 b5 11. cxb5 axb5 12. axb5 Nb6 13. Qb3 N8d7 14. O-O
Ra5 1/2-1/2

[Event "WJun"]
[Site "Nakhchivan AZE"]
[Date "2003.06.25"]
[Round "5"]
[White "Izoria,Z"]
[Black "Mastrovasilis,D"]
[Result "1/2-1/2"]
[WhiteElo "2569"]
[BlackElo "2456"]
[EventDate "2003.06.22"]

1. c4 c6 2. d4 d5 3. Nf3 Nf6 4. e3 Bg4 5. h3 Bh5 6. Nc3 e6 7. g4 Bg6 8. Ne5
Nbd7 9. Nxg6 hxg6 10. g5 Ng8 11. cxd5 exd5 12. h4 Ne7 13. Bd3 Nb6 14. Qf3
Qd7 15. Bd2 Nbc8 16. e4 dxe4 17. Nxe4 Nf5 18. O-O-O Nb6 19. Nc5 Bxc5 20.
dxc5 Nd5 21. Rde1+ Kf8 22. h5 Re8 23. Rxe8+ Kxe8 24. h6 Kf8 25. h7 Nd4 26.
Qg3 Ke7 27. f4 Nf5 28. Bxf5 Qxf5 29. Qb3 Qd7 30. Qa4 a6 31. Qe4+ Kf8 32.
Qe5 Qc7 33. Qd4 Qd7 34. Qe5 Qc7 35. Qe4 Qe7 36. Qd4 Qd7 1/2-1/2

[Event "WJun"]
[Site "Nakhchivan AZE"]
[Date "2003.06.25"]
[Round "5"]
[White "Ganguly,S"]
[Black "Sadykov,R"]
[Result "1-0"]
[WhiteElo "2542"]
[BlackElo "2416"]
[EventDate "2003.06.22"]

1. e4 c5 2. Nf3 d6 3. d4 cxd4 4. Nxd4 Nf6 5. Nc3 a6 6. Be2 e5 7. Nb3 Be7 8.
O-O Be6 9. f4 Qc7 10. Kh1 Nbd7 11. g4 h6 12. g5 Nh7 13. gxh6 gxh6 14. f5
Bc4 15. Bd3 Nhf6 16. Qf3 Rg8 17. Be3 Rc8 18. Nd2 b5 19. Rac1 Qb7 20. Bxc4
bxc4 21. b3 Qb4 22. Bg1 cxb3 23. cxb3 Qb7 24. Nc4 Rg4 25. Nd5 Rxe4 26. Nc3
d5 27. Nxe4 Nxe4 28. Ne3 Rxc1 29. Rxc1 Ndf6 30. Ng4 Nxg4 31. Qxg4 Nf6 32.
Qf3 h5 33. h3 Bd6 34. Bf2 Kd7 35. Bh4 e4 36. Qc3 Ne8 37. Qd4 Qb5 38. Bf6
Bf4 39. Rd1 Kc6 40. Be5 Bg5 41. Qa7 Nd6 42. Bxd6 Kxd6 43. Qxf7 Ke5 44. Qc7+
Kxf5 45. Qf7+ Ke5 46. Qxh5 Kf6 47. Rg1 d4 48. h4 1-0

[Event "WJun"]
[Site "Nakhchivan AZE"]
[Date "2003.06.25"]
[Round "5"]
[White "Zubov,A UKR"]
[Black "Azarov,S"]
[Result "1-0"]
[WhiteElo "2494"]
[BlackElo "2530"]
[EventDate "2003.06.22"]

1. d4 d5 2. c4 e6 3. Nc3 Nf6 4. Bg5 Be7 5. e3 O-O 6. cxd5 exd5 7. Bd3 Nbd7
8. Nge2 Re8 9. Qc2 Nf8 10. O-O-O Be6 11. h3 Rc8 12. Qb3 c5 13. Qxb7 c4 14.
Bb1 Rb8 15. Qa6 Rb4 16. Bf4 Qd7 17. a3 Rb3 18. g4 Rc8 19. Ba2 Rb7 20. f3
Rc6 21. Qa4 Qc8 22. Rd2 Rcb6 23. Rh2 Ng6 24. Bg3 Qf8 25. Nb1 h5 26. Rg2 Bd7
27. Qd1 hxg4 28. hxg4 Bxg4 29. fxg4 Ne4 30. Nec3 Bxa3 31. Nxe4 dxe4 32. Qa4
Be7 33. Nc3 Rb4 34. Qc6 Bg5 35. Rge2 R7b6 36. Qxe4 Re6 37. Qf3 Qe8 38. Bf4
Bd8 39. d5 Ne5 40. Bxe5 Rxe5 41. d6 Bg5 42. d7 Qd8 43. Qc6 Rxe3 44. Kc2 Re7
45. Qc8 1-0

[Event "WJun"]
[Site "Nakhchivan AZE"]
[Date "2003.06.25"]
[Round "5"]
[White "Jirka,J"]
[Black "Harikrishna,P"]
[Result "0-1"]
[WhiteElo "2394"]
[BlackElo "2563"]
[EventDate "2003.06.22"]

1. d4 Nf6 2. c4 g6 3. g3 c5 4. d5 b5 5. cxb5 a6 6. bxa6 Bxa6 7. Bg2 d6 8.
Nc3 Bg7 9. Nf3 O-O 10. O-O Nbd7 11. Qc2 Ra7 12. Rd1 Qa8 13. Rb1 Bc4 14. b3
Bxd5 15. Nxd5 Nxd5 16. a4 Nb4 17. Qc4 Qc8 18. Qh4 Nf6 19. Bb2 Qf5 20. Nd2
Qh5 21. Qxh5 Nxh5 22. Nc4 f5 23. Na3 Bxb2 24. Rxb2 Nf6 25. Nb5 Ra5 26. e3
Rc8 27. Bf1 Kf8 28. Nc3 d5 29. f3 e6 30. Rbd2 Ke7 31. Bb5 Rb8 32. Rc1 g5
33. Na2 Nxa2 34. Rxa2 Rbxb5 0-1